Europe : Voyager 10 pays les plus chers et 10 les moins chers - Statistiques

Statistiques générales
  • Ce quiz a été pris 247 fois
  • Le résultat moyen est 14 sur 20
Statistiques - réponses
Coût en € Pays les moins chers Rang % Correct
977 Espagne 3
91%
1213 Portugal 7
90%
2371 Suisse 5
90%
1166 Italie 6
88%
2646 Suède 3
84%
3548 Norvège 1
81%
2329 Finlande 6
80%
1030 Grèce 5
79%
2148 Russie 10
76%
2307 Danemark 8
74%
1021 Croatie 4
72%
958 Hongrie 2
70%
3226 Islande 2
70%
2645 Monaco 4
69%
1294 Bulgarie 10
66%
1234 Slovaquie 8
62%
2290 Vatican 9
56%
2317 Liechtenstein 7
51%
527 Tchéquie 1
51%
1240 Chypre 9
48%
Aucun quiz correspondant
Distribution des résultats
% des personnes avec chaque résultat
Percentile par nombre de réponses
Votre historique - résultats
Vous n’avez pas pris ce quiz